| 000 | 00711nam a22002417i 4500 | ||
|---|---|---|---|
| 003 | EG-ScBUE | ||
| 005 | 20221030110229.0 | ||
| 008 | 200219s2019 enk f 000 0 eng d | ||
| 020 | _a9780008354312 | ||
| 040 |
_aEG-ScBUE _beng _erda _cEG-ScBUE _dEG-ScBUE |
||
| 082 | 0 | 4 |
_222 _a823.92 _bHAR |
| 100 | 1 |
_aHarper, Ali, _d1971- _eauthor. |
|
| 245 | 1 | 4 |
_aThe runaway / _cAli Harper. |
| 264 | 1 |
_aLondon : _bOne More Chapter, _c2019. |
|
| 300 |
_a392 pages ; _c20 cm |
||
| 336 |
_2rdacontent _atext _btxt |
||
| 337 |
_2rdamedia _aunmediated _bn |
||
| 338 |
_2rdacarrier _avolume _bnc |
||
| 650 | 7 |
_aDetective and mystery fiction. _2BUEsh |
|
| 653 |
_bHHUUEENN _cOctober2022 |
||
| 655 | _vReading book | ||
| 942 |
_2ddc _cBB |
||
| 999 |
_c29940 _d29911 |
||